000 00857cam a22002654a 4500
008
020 _a9780521173926 (pbk.)
049 _aMAIN
090 _aHC79.E5
_bEND
100 1 _aEndres, Alfred
245 1 0 _aEnvironmental economics :
_btheory and policy /
_cAlfred Endres ; translated by Iain L. Fraser
250 _aRevised & extended English edition
260 _aNew York :
_bCambridge University Press,
_c2011
300 _axix, 379 p. :
_bill. ;
_c26 cm
504 _aIncludes bibliographical references.
500 _aIncludes index.
546 _aTranslated from the German
650 0 _aEnvironmental economics
700 1 _aFraser, Iain L.,
_etranslator
907 _a.b10378194
_b20-02-17
_c20-02-17
003
005 20230123122241.0
040 _cNUST
942 _cBOOKS
_kHC79.E5
_mEND
999 _c130401
_d130401